Score 0/19 Timer 03:00
1 Play Today
Hint 5-Letter Answer % Correct
'Go ____ and multiply...'FORTH
96.1%
Fiesta, Model T and MustangFORDS
95.2%
Invertebrates used as fish baitWORMS
94.6%
Dictionary entriesWORDS
94.4%
Defensive strongholdsFORTS
94.1%
The ____ Star, another name for Polaris▲ NORTH ▲
94%
John Wilkes ____, Lincoln assassinBOOTH
90%
Durable footwearBOOTS
89.4%
Standards or patterns of social behaviourNORMS
87.8%
____ Jean Baker, Marilyn Monroe's birth nameNORMA
87.5%
Hint 5-Letter Answer % Correct
____ Pacific, Rodgers and Hammerstein musical▼ SOUTH ▼
83.3%
DIY doodads, often accompanied by nutsBOLTS
81.5%
Burrowing mammalsMOLES
79.5%
Sheds furMOLTS
77.5%
Truth or realitySOOTH
75.1%
Societal morals and customsMORES
56.8%
Form of spiced stew originating in South AsiaKORMA
55.7%
Asian peninsular region≡ KOREA ≡
55.1%
Medieval province occupying most of southern GreeceMOREA
42.3%

Today's Daily Dose

Remove Ads.
Support Sporcle.
Get the best of Sporcle when you Go Orange. This ad-free experience offers more features, more stats, and more fun while also helping to support Sporcle. Thank you for becoming a member.

You're not logged in!

Compare scores with friends on all Sporcle quizzes.
OR
Log In

Show Comments

Extras

Top Quizzes Today


Score Distribution

Your Account Isn't Verified!

In order to create a playlist on Sporcle, you need to verify the email address you used during registration. Go to your Sporcle Settings to finish the process.

Report this User

Report this user for behavior that violates our Community Guidelines.

Details: